El Censor de la Revolución
Uloženo v:
| Hlavní autor: | |
|---|---|
| Korporativní autor: | |
| Médium: | Kniha |
| Jazyk: | španělština |
| Vydáno: |
Santiago
Biblioteca Nacional
1960
|
| Edice: | Antiguos Periódicos Chilenos, 12
|
| Témata: | |
| Tagy: |
Přidat tag
Žádné tagy, Buďte první, kdo vytvoří štítek k tomuto záznamu!
|
MARC
| LEADER | 00000nam a2200000 a 4500 | ||
|---|---|---|---|
| 001 | UCR3649 | ||
| 003 | CL-VaPUC | ||
| 008 | 980128e19600000CL |||||||||||||||||spa|d | ||
| 082 | 0 | 4 | |a 079.83 |b FEL |2 21 |
| 100 | |a Feliú Cruz, Guillermo |e autor |9 392726 | ||
| 110 | 2 | |a Biblioteca Nacional |e author |9 402727 | |
| 245 | 1 | 3 | |a El Censor de la Revolución |
| 246 | 1 | 0 | |a Colección de Noticias |
| 246 | 1 | 3 | |a La Miscelánea Chilena |
| 246 | 1 | 3 | |a El Independiente |
| 246 | 1 | 3 | |a El Mercurio de Chile: 1820-1823 |
| 300 | |a 499 p | ||
| 942 | |c BK | ||
| 945 | |d 19980128 00:00:00 |a crobeson | ||
| 260 | |a Santiago |b Biblioteca Nacional |c 1960 | ||
| 650 | 0 | |a Periódicos |9 335528 | |
| 650 | 7 | |a DOCUMENTOS PRIMARIOS |2 CL-VaPUC |9 350391 | |
| 650 | 7 | |a PUBLICACIONES SERIADAS |2 CL-VaPUC |9 366449 | |
| 650 | 0 | |a Medios de comunicación |9 257206 | |
| 650 | 7 | |a BIBLIOTECAS DE PERIODICOS |2 CL-VaPUC |9 402728 | |
| 650 | 7 | |a PRENSA DE INFORMACION |2 CL-VaPUC |9 335512 | |
| 650 | 7 | |a PUBLICACIONES DIARIAS |2 CL-VaPUC |9 402729 | |
| 650 | 7 | |a PUBLICACIONES PERIODICAS |2 CL-VaPUC |9 335089 | |
| 650 | 7 | |a PRENSA PERIODICA |2 CL-VaPUC |9 369280 | |
| 651 | 7 | |a CHILE |2 CL-VaPUC |9 402730 | |
| 583 | |a last modification |c 19980128 00:00:00 |k Rodrigo Vera | ||
| 490 | 0 | |a Antiguos Periódicos Chilenos, 12 | |
| 999 | |c 266702 |d 266700 | ||
| 952 | |0 0 |1 0 |4 0 |6 079_830000000000000_FEL_1960 |7 0 |8 DER_HIS |9 298529 |a BIBDER |b BIBDER |d 2019-11-20 |i 1948393 |o 079.83 FEL 1960 |p 1948393 |r 2023-01-25 |w 2019-11-20 |x Ubicación 4to Piso |y BK_X |z Estos recursos deben solicitarse con anticipación |k DER | ||
| 952 | |0 0 |1 0 |4 0 |6 079_830000000000000_FEL_1960 |7 0 |8 X |9 298530 |a BIBHIS |b BIBHIS |d 2019-11-20 |i 1385933 |o 079.83 FEL 1960 |p 1385933 |r 2024-01-30 |w 2019-11-20 |y BK_X |k HIS | ||